Dodavatelské řetězce v roce 2011

Trendy na ceste za lepším plnením potrieb zákazníka. Udržateľnosť a zelený prístup dodávateľských reťazcov. Štíhly prístup k transformácii. Zlepšenie dlhodobej predpovede dopytu. Investície do informačných technológií. Centrum služieb dodávateľských reťazcov. Chápanie logistiky ako komodity. Outsour...

Descrizione completa

Salvato in:
Dettagli Bibliografici
Autore principale: Veldhuijzen, Ramon
Natura: Capitolo di libro
Lingua:ceco
Soggetti:
Tags: Aggiungi Tag
Nessun Tag, puoi essere il primo ad aggiungerne!!

MARC

LEADER 00000naa a2200000 4500
001 0123525
005 20231129095616.2
041 0 |a cze 
044 |a CZ 
245 1 0 |a Dodavatelské řetězce v roce 2011  |c Ramon Veldhuijzen 
520 |a Trendy na ceste za lepším plnením potrieb zákazníka. Udržateľnosť a zelený prístup dodávateľských reťazcov. Štíhly prístup k transformácii. Zlepšenie dlhodobej predpovede dopytu. Investície do informačných technológií. Centrum služieb dodávateľských reťazcov. Chápanie logistiky ako komodity. Outsourcing logistických služieb a vnútorná kontrola. 
610 2 0 |a reťazce dodávateľsko-odberateľské 
610 2 0 |a logistika 
610 2 0 |a distribúcia 
610 2 0 |a transformácia 
610 2 0 |a plánovanie 
610 2 0 |a outsourcing 
610 2 0 |a kontrola 
100 1 |a Veldhuijzen, Ramon